Las ciudades latinoamericanas. I. Antecedentes.

Gardado en:
Detalles Bibliográficos
Autor Principal: Morse, Richard M. (autor)
Formato: Libro
Idioma:Lingua castelá
Series:(Sepsetentas ; no. 96)
Temas:
Etiquetas: Engadir etiqueta
Sen Etiquetas, Sexa o primeiro en etiquetar este rexistro!

MARC

LEADER 00000cam^a2200000uu^4500
001 000470850
005 20250521000000.0
008 050901s1973^^^^^^^^^^^^rd^r^^000^0^spa^d
009 20260310124610.972
035 |a FCE 000013638 
035 |a FCE 002316 
037 |a Acervo ITESO - Biblioteca 
041 |a spa 
082 0 4 |a 082.1  |b SEP 96 V.1 
100 |a Morse, Richard M.  |e (autor) 
245 1 4 |a Las ciudades latinoamericanas. I. Antecedentes. 
264 |a México :  |b SEP,  |c 1973. 
300 |a 215 p. 
336 |a texto  |b txt  |2 rdacontenido 
337 |a sin mediación  |b n  |2 rdamedio 
338 |a volumen  |b nc  |2 rdasoporte 
440 0 |a (Sepsetentas ;  |v no. 96) 
649 |a XX 
650 |a Población 
650 |a Desarrollo urbano 
650 |a Urbanización 
650 |a Empleo 
650 |a Clase social 
650 |a América Latina 
650 |a Brasil 
910 |a Fondo Centro de Estudios Educativos 
920 |a Impresos - Libros 
930 |a Fondos Especiales 
905 |a 133 
901 |a ALE002316  |b IT2  |c CEE  |u 20250521 
902 |a https://opac.biblio.iteso.mx/vufind/Record/000470850